00511nam a2200133Ia 45000010005000000080041000050820024000461000167000702450067002372600024003045900007003289010027003359990015003621334241024s9999 xx 000 0 und d aRD/370.1/OE28c/2010 aRepública Dominicana . OEI-Organización de Estados Iberoamericanos para la Educación, la Ciencia y la Cultura. Oficina Nacional de la República Dominicana 0aConvivencia y conflitos escolares de la República Dominicana bSanto Domingoc2010 asi a22/3/2011 9:13:04 a.m. c9309d9309